ABC's of capacitors / (Record no. 9383)

MARC details
000 -LEADER
fixed length control field 00544nac a22001811u 4500
010 ## - LIBRARY OF CONGRESS CONTROL NUMBER
LC control number 77090500
082 00 - DEWEY DECIMAL CLASSIFICATION NUMBER
Classification number 621.315
Item number MUL
090 ## - LOCALLY ASSIGNED LC-TYPE CALL NUMBER (OCLC); LOCAL CALL NUMBER (OCLC)
-- 9383
-- 9383
100 ## - MAIN ENTRY--PERSONAL NAME
Personal name Mullin, William F.,
245 10 - TITLE STATEMENT
Title ABC's of capacitors /
Statement of responsibility, etc by William F. Mullin.
260 ## - PUBLICATION, DISTRIBUTION, ETC. (IMPRINT)
Place of publication, distribution, etc Indianapolis :
Name of publisher, distributor, etc Howard W. Sams,1984
Date of publication, distribution, etc c1984.
300 ## - PHYSICAL DESCRIPTION
Extent 127 p. :
Other physical details ill. ;
Dimensions 22 cm.
500 ## - GENERAL NOTE
General note Includes index.
500 ## - GENERAL NOTE
General note Distributer: Al-Ahram
511 ## - PARTICIPANT OR PERFORMER NOTE
Participant or performer note Catalogued by: Sara
650 #0 - SUBJECT ADDED ENTRY--TOPICAL TERM
Topical term or geographic name as entry element Capacitors.
942 ## - ADDED ENTRY ELEMENTS (KOHA)
Item type Book - Borrowing
Call number prefix 621.315MUL
Holdings
Withdrawn status Item status Damaged status Not for loan Home library Current library Shelving location Date acquired Source of acquisition Total Checkouts Full call number Barcode Date last seen Koha item type
        Central Library Central Library First floor 06/05/2008 Purchase   621.315MUL 000011078 15/07/2025 Book - Borrowing